000 00294nam a22001337a 4500
008 171004b xxu||||| |||| 00| 0 eng d
020 _a9781464179020
041 _aeng
080 _26TH
_a159.9
100 _a48
101 _aPSI
245 _aDISCOVERING PSYCHOLOGY
_cREA,C
942 _2udc
_cBK
999 _c31671
_d31671